000 00843nam a2200205Ia 4500
003 GCL
008 140319s9999 xx 000 0 ara d
040 _aGCL /
_cGCL
082 0 4 _a956.906
_bم ى
100 1 _aخالد عابد
245 1 0 _aيوميات الحرب الاسرائيلية فى لبنان ( حزيران \يونيو - كانون الاول ديسمبر 1982 ) وقائع ووثائق ومقالات مختارة من مصادر عبرية . /
_cخالد عابد
700 1 _aمؤسسة الدراسات الفلسطينية
700 1 _aمحمود سويد (اشراف)
700 1 _aسمير جبور (اعداد)
260 _a[S.N] :
_bمؤسسة الدراسات الفلسطينية ،
_c1985
300 _a159 ص
490 _a
650 0 4 _aالنزاع العربى الاسرائيلى
942 _2ddc
_cBK
999 _c56127
_d56127